Land law reform in East Africa; (Record no. 447)

MARC details
000 -LEADER
fixed length control field 01050cam a2200265 4500
001 - CONTROL NUMBER
control field 2752651
003 - CONTROL NUMBER IDENTIFIER
control field OSt
005 - DATE AND TIME OF LATEST TRANSACTION
control field 20110726103422.0
008 - FIXED-LENGTH DATA ELEMENTS--GENERAL INFORMATION
fixed length control field 720818s1969 ug b 000 0 eng
010 ## - LIBRARY OF CONGRESS CONTROL NUMBER
LC control number 78981277
040 ## - CATALOGING SOURCE
Original cataloging agency DLC
Transcribing agency DLC
Modifying agency DLC
043 ## - GEOGRAPHIC AREA CODE
Geographic area code fe-----
050 00 - LIBRARY OF CONGRESS CALL NUMBER
Classification number LAW
082 00 - DEWEY DECIMAL CLASSIFICATION NUMBER
Classification number 346.670432 LAN
245 00 - TITLE STATEMENT
Title Land law reform in East Africa;
Remainder of title papers delivered to a seminar organised by the Milton Obote Foundation, Adult Education Centre.
Statement of responsibility, etc Edited by James Obol-Ochola.
260 ## - PUBLICATION, DISTRIBUTION, ETC. (IMPRINT)
Place of publication, distribution, etc [Kampala]
Name of publisher, distributor, etc Milton Obote Foundation, Adult Education Centre
Date of publication, distribution, etc [c1969]
300 ## - PHYSICAL DESCRIPTION
Extent 329 p.
Dimensions 23 cm.
504 ## - BIBLIOGRAPHY, ETC. NOTE
Bibliography, etc Includes bibliographies.
650 #0 - SUBJECT ADDED ENTRY--TOPICAL TERM
Topical term or geographic name as entry element Land tenure
General subdivision Law and legislation
Geographic subdivision Africa, East.
9 (RLIN) 1310
700 2# - ADDED ENTRY--PERSONAL NAME
Personal name Obol-Ochola, James,
Relator term ed.
9 (RLIN) 1311
710 2# - ADDED ENTRY--CORPORATE NAME
Corporate name or jurisdiction name as entry element Milton Obote Foundation.
Subordinate unit Adult Education Centre.
9 (RLIN) 1312
906 ## - LOCAL DATA ELEMENT F, LDF (RLIN)
a 7
b cbc
c orignew
d 4
e ncip
f 19
g y-gencatlg
942 ## - ADDED ENTRY ELEMENTS (KOHA)
Source of classification or shelving scheme Dewey Decimal Classification
Koha item type Books
Holdings
Withdrawn status Lost status Source of classification or shelving scheme Damaged status Not for loan Home library Current library Shelving location Date acquired Total Checkouts Full call number Barcode Date last seen Price effective from Koha item type
    Dewey Decimal Classification     Law Development Centre Main Library Law Development Centre Main Library Text Books and Laws 04/20/2011   346.670432 LAN 2011/3133 04/20/2011 04/20/2011 Books